书目信息 |
| 题名: |
剪映教程
|
|
| 作者: | 龙飞 编著 | |
| 分册: | ||
| 出版信息: | 北京 清华大学出版社 2021.7 |
|
| 页数: | 231页 | |
| 开本: | 21cm | |
| 丛书名: | ||
| 单 册: | ||
| 中图分类: | TN948.4 | |
| 科图分类: | ||
| 主题词: | 视频制作 | |
| 电子资源: | ||
| ISBN: | 978-7-302-57520-7 | |
| 000 | 00790nam0 2200229 45 | |
| 001 | 012001000407 | |
| 005 | 20140911140916.0 | |
| 010 | @a978-7-302-57520-7@dCNY69.00 | |
| 100 | @a20210331d2021 em y0chiy50 ea | |
| 101 | 0 | @achi |
| 102 | @aCN@b110000 | |
| 105 | @aa z 000yy | |
| 106 | @ar | |
| 200 | 1 | @a剪映教程@Ajian ying jiao cheng@e3天成为短视频与Vlog剪辑高手@f龙飞编著 |
| 210 | @a北京@c清华大学出版社@d2021.7 | |
| 215 | @a231页@c彩图@d21cm | |
| 330 | @a本书介绍87个干货技巧,包括多种短视频类型的制作方法,从转场、字幕、字效、合成、音效、分身、卡点、拍法等角度,帮助新手快速成长为短视频和Vlog的剪辑高手,制作出电影级大片。 | |
| 606 | 0 | @a视频制作 |
| 690 | @aTN948.4@v5 | |
| 701 | 0 | @a龙飞@Along fei@4编著 |
| 801 | 0 | @aCN@bBJSDL@c20211011 |
| 905 | @b1331422-5@dTN948.4@e291@f4 | |
| 剪映教程:3天成为短视频与Vlog剪辑高手/龙飞编著.-北京:清华大学出版社,2021.7 |
| 231页:彩图;21cm |
| ISBN 978-7-302-57520-7:CNY69.00 |
| 本书介绍87个干货技巧,包括多种短视频类型的制作方法,从转场、字幕、字效、合成、音效、分身、卡点、拍法等角度,帮助新手快速成长为短视频和Vlog的剪辑高手,制作出电影级大片。 |
| ● |
| 相关链接 |
|
|
|
|
正题名:剪映教程
索取号:TN948.4/291
 
预约/预借
| 序号 | 登录号 | 条形码 | 馆藏地/架位号 | 状态 | 备注 |
| 1 | 1331422 | 213314224 | 第二样本阅览室/ [索取号:TN948.4/291] | 在馆 | |
| 2 | 1331423 | 213314233 | 第三借阅区/ [索取号:TN948.4/291] | 在馆 | |
| 3 | 1331424 | 213314242 | 第三借阅区/ [索取号:TN948.4/291] | 在馆 | |
| 4 | 1331425 | 213314251 | 第三借阅区/ [索取号:TN948.4/291] | 在馆 |